00226nam a22001097a 4500003000500000038001300005082001300018100001500031245003000046260002100076300001900097NUST aM.Ramzan a579bPEL aJ, Michael aMicrobiology cMichael J. aIslamabadbN.B.F a918 p, :c25cm